000 00575nam a2200169Ia 4500
003 SGT
020 _a9788120333017
082 _a651.7
_bSEN
100 _aLeena Sen
245 _aEnglish Communication
250 _a2nd . Ed.
260 _bPHI Learning Private Limited
_aNew Delhi
_c2009
300 _a277p.
650 _a ENGLISH
653 _aCOMMUNICATION:THE MOST IMPORTANT MANAGEMENT TOOL,THE IMPORTANCE OF LISTENING,PRESENTATION KILLS,WRITTEN COMMUNICATION,COMMUNICATING IN A MULTICULTURAL,WORLD,KEEPING PACE WITH A CHANGING WORLD THE PR WAY
942 _2ddc
_cBK
_022
999 _c4908
_d4908